Giáo trình tiếng Trung giao tiếp tổng hợp dành cho người Việt Nam

সংরক্ষণ করুন:
গ্রন্থ-পঞ্জীর বিবরন
প্রধান লেখক: Vương, Chí Cường
অন্যান্য লেখক: Trần, Di (Dịch), Nguyễn, Thị Thanh Huệ
বিন্যাস: গ্রন্থ
ভাষা:Vietnamese
প্রকাশিত: Hà Nội Đại học Quốc gia Hà Nội 2018
মালা:Tủ sách học tốt tiếng Trung: Xinfeng
বিষয়গুলি:
ট্যাগগুলো: ট্যাগ যুক্ত করুন
কোনো ট্যাগ নেই, প্রথমজন হিসাবে ট্যাগ করুন!
Thư viện lưu trữ: Trung tâm Học liệu Lê Vũ Hùng, Trường Đại học Đồng Tháp
LEADER 01068pam a22002898a 4500
001 00044907
005 20191016151021.0
008 130124s2011 ||||||viesd
020 # # |c 110000  |a 9786049681431 
041 0 # |a vie 
082 1 4 |b GI108TR  |a 495.1 
100 1 # |a Vương, Chí Cường 
245 1 0 |a Giáo trình tiếng Trung giao tiếp tổng hợp dành cho người Việt Nam  |c Vương Chí Cường, Trần Di; Nguyễn Thị Thanh Huệ (dịch) 
260 # # |a Hà Nội  |b Đại học Quốc gia Hà Nội  |c 2018 
300 # # |a 275 tr.  |c 30 cm. 
490 # # |a Tủ sách học tốt tiếng Trung: Xinfeng 
653 # # |a Giao tiếp 
653 # # |a Việt Nam 
653 # # |a Tự học 
653 # # |a TiếngTrung 
653 # # |a Ngôn ngữ 
700 # # |e Dịch 
700 # # |a Trần, Di 
700 # # |a Nguyễn, Thị Thanh Huệ 
852 # # |j KD.0026336  |j KGT.0059624  |j KGT.0059625 
910 # # |d 16/10/2019 
980 # # |a Trung tâm Học liệu Lê Vũ Hùng, Trường Đại học Đồng Tháp